Statistiques concernant Culture Générale - Série 596

Cliquez ici pour prendre le quiz!

Statistiques générales

  • Ce quiz a été pris 83 fois
  • Le résultat moyen est 9 sur 10

Statistiques - réponses

QuestionRéponse% Correct
Sur quel continent s'étend le désert du Kalahari ?Afrique
99%
Lequel des 4 points cardinaux est synonyme du mot "orient" ?est
99%
Dans quel organe du corps humain trouve-t-on deux oreillettes et deux ventricules ?coeur
95%
Complétez ce titre d'un roman de Ian Fleming : "James Bond contre Docteur...No
90%
Quelle divinité grecque, assimilée à Neptune par les Romains, est le dieu de la Mer ?Poséidon
88%
Quel mot anglais de trois lettres désigne à la fois un haut féminin et, familièrement, ce qu'il y a de mieux ?top
86%
Quel anglicisme désigne les flocons de maïs grillés et croustillants, que l'on déguste généralement avec du lait ?corn flakes
85%
De quel pays Toshiki Kaifu est-il devenu le Premier ministre en 1989 ?Japon
84%
Quel culte, répandu en Haïti, mélange pratiques magiques, sorcellerie et rites chrétiens ?vaudou
77%
Quelle est la profession du personnage "fou" avec lequel Alice prend le thé, au pays des merveilles ?chapelier
53%

Distribution des résultats

Percentile par nombre de réponses

% des personnes avec chaque résultat

Votre développement - résultats

Vous n’avez pas pris ce quiz